<?xml version="1.0" encoding="UTF-8"?>
<record
    xmlns:xsi="http://www.w3.org/2001/XMLSchema-instance"
    xsi:schemaLocation="http://www.loc.gov/MARC21/slim http://www.loc.gov/standards/marcxml/schema/MARC21slim.xsd"
    xmlns="http://www.loc.gov/MARC21/slim">

  <leader>02809nam a22003617a 4500</leader>
  <controlfield tag="003">OSt</controlfield>
  <controlfield tag="005">20260602094842.0</controlfield>
  <controlfield tag="008">260601b        |||||||| |||| 00| 0 eng d</controlfield>
  <datafield tag="040" ind1=" " ind2=" ">
    <subfield code="a">Foundation University Library </subfield>
    <subfield code="b">eng</subfield>
    <subfield code="c">Foundation University Library</subfield>
    <subfield code="e">rda</subfield>
  </datafield>
  <datafield tag="050" ind1=" " ind2=" ">
    <subfield code="a">GS (MAEd-AdmSup-Th) LG 221 D35 G73</subfield>
    <subfield code="b">A5 E38 H43 1984 C38</subfield>
  </datafield>
  <datafield tag="100" ind1=" " ind2=" ">
    <subfield code="a">Catacutan, Alma Cora M.,</subfield>
    <subfield code="e">author</subfield>
    <subfield code="9">5777</subfield>
  </datafield>
  <datafield tag="245" ind1=" " ind2=" ">
    <subfield code="a">Performance predictors of college freshmen in Foundation University during the school year 1983-1984 /
</subfield>
    <subfield code="c">by Alma Cora M. Catacutan.</subfield>
  </datafield>
  <datafield tag="260" ind1=" " ind2=" ">
    <subfield code="a">Dumaguete City : </subfield>
    <subfield code="b">Foundation University,</subfield>
    <subfield code="c">1984.</subfield>
  </datafield>
  <datafield tag="264" ind1=" " ind2=" ">
    <subfield code="4">1984.</subfield>
  </datafield>
  <datafield tag="300" ind1=" " ind2=" ">
    <subfield code="a">iv, 92 leaves :</subfield>
    <subfield code="b">illustrations ;</subfield>
    <subfield code="c">28 cm</subfield>
    <subfield code="3">thesis</subfield>
    <subfield code="f">leaves</subfield>
  </datafield>
  <datafield tag="336" ind1=" " ind2=" ">
    <subfield code="3">rdacontent</subfield>
    <subfield code="a">text</subfield>
    <subfield code="b">txt</subfield>
  </datafield>
  <datafield tag="337" ind1=" " ind2=" ">
    <subfield code="3">rdamedia</subfield>
    <subfield code="a">unmediated</subfield>
    <subfield code="b">n</subfield>
  </datafield>
  <datafield tag="338" ind1=" " ind2=" ">
    <subfield code="3">GS-MAEd-AdmSup-Th</subfield>
    <subfield code="a">volume</subfield>
    <subfield code="b">nc</subfield>
    <subfield code="2">rdacarrier</subfield>
  </datafield>
  <datafield tag="490" ind1=" " ind2=" ">
    <subfield code="a">GS-MAEd-AdmSup-Th</subfield>
  </datafield>
  <datafield tag="502" ind1=" " ind2=" ">
    <subfield code="a">Graduate thesis (Master of Arts in Education Major in Administration and Supervision) -- Foundation University, 1984.</subfield>
  </datafield>
  <datafield tag="504" ind1=" " ind2=" ">
    <subfield code="a">Includes bibliographical references and appendices.
</subfield>
  </datafield>
  <datafield tag="520" ind1=" " ind2=" ">
    <subfield code="a">ABSTRACT
Title: PERFORMANCE PREDICTORS OF COLLEGE FRESHMEN
IN FOUNDATION UNIVERSITY DURING THE
SCHOOL YEAR 1983-84
Author: Alme Core Martinez Cetecuten
School: Foundation University
Degree: Master of Arts in Education (M.A.ED.)
Year Completed: May 1984
No. of Pages:
102
Stetement of the Problem: This study tried to evaluate
the high school average grade and the NCEE reting es pre
dictors of college performence in the first semester of
the freshmen in Foundation University during the school
year 1983-84. Specifically, the study sought the answer
of the following questions:
1. What is the profile of the college freshmen
students in Foundation University when they are classi-
fied according to such variables as: (a) High School
Average Grade (HSAG), (b) National College Entrance
Exeminetion (NCEE), and (c) College Average Grade (CAG)?
2. Which college has the highest performence in
(e) High School Average Grade, (b) Netionel College
Entrance Examination, and (c) College Average Grade?
3. What is the extent of reletionship existing</subfield>
  </datafield>
  <datafield tag="650" ind1=" " ind2=" ">
    <subfield code="a">Coastal zone management</subfield>
    <subfield code="9">11891</subfield>
  </datafield>
  <datafield tag="650" ind1=" " ind2=" ">
    <subfield code="a">College freshmen</subfield>
    <subfield code="9">16893</subfield>
    <subfield code="x">Evaluation. </subfield>
  </datafield>
  <datafield tag="650" ind1=" " ind2=" ">
    <subfield code="a">Academic achievement.</subfield>
    <subfield code="9">13585</subfield>
  </datafield>
  <datafield tag="650" ind1=" " ind2=" ">
    <subfield code="a">Prediction of scholastic success. </subfield>
    <subfield code="9">16894</subfield>
  </datafield>
  <datafield tag="650" ind1=" " ind2=" ">
    <subfield code="a">College students</subfield>
    <subfield code="9">16895</subfield>
    <subfield code="x">Rating of. </subfield>
  </datafield>
  <datafield tag="650" ind1=" " ind2=" ">
    <subfield code="a">Educational tests and measurements.</subfield>
    <subfield code="9">187</subfield>
  </datafield>
  <datafield tag="650" ind1=" " ind2=" ">
    <subfield code="a">Student retention.</subfield>
    <subfield code="9">16913</subfield>
  </datafield>
  <datafield tag="658" ind1=" " ind2=" ">
    <subfield code="a">Thesis Writing 2 (Pre/Final Oral Defense) :</subfield>
    <subfield code="b">Administration and Supervision, Master of Arts in Education Major in ;</subfield>
    <subfield code="c">MA 101 .</subfield>
  </datafield>
  <datafield tag="900" ind1=" " ind2="0">
    <subfield code="4">Sapalaran, James O., cataloger</subfield>
  </datafield>
  <datafield tag="942" ind1=" " ind2=" ">
    <subfield code="2">lcc</subfield>
    <subfield code="c">TH</subfield>
    <subfield code="n">0</subfield>
    <subfield code="h">LG 221 D35 G73</subfield>
    <subfield code="i">A5 E38 H43 1984 C38</subfield>
    <subfield code="k">GS (MAEd-AdmSup-Th)</subfield>
  </datafield>
  <datafield tag="999" ind1=" " ind2=" ">
    <subfield code="c">6204</subfield>
    <subfield code="d">6204</subfield>
  </datafield>
  <datafield tag="952" ind1=" " ind2=" ">
    <subfield code="0">0</subfield>
    <subfield code="1">0</subfield>
    <subfield code="2">lcc</subfield>
    <subfield code="4">0</subfield>
    <subfield code="7">4</subfield>
    <subfield code="8">NFIC</subfield>
    <subfield code="a">FOUNDATION</subfield>
    <subfield code="b">FOUNDATION</subfield>
    <subfield code="c">MAIN-THE,DISS</subfield>
    <subfield code="d">2026-06-01</subfield>
    <subfield code="e">Donated</subfield>
    <subfield code="l">0</subfield>
    <subfield code="o">GS (MAEd-AdmSup-Th) LG 221 D35 G73 A5 E38 H43 1984 C38</subfield>
    <subfield code="p">0232026017001</subfield>
    <subfield code="r">2026-06-01 14:34:00</subfield>
    <subfield code="w">2026-06-01</subfield>
    <subfield code="y">TH</subfield>
    <subfield code="k">AdmSup-Th-2026001</subfield>
  </datafield>
</record>
